000 00471nam a2200169Ia 4500
003 OSt
005 20200320122728.0
008 190216s9999||||xx |||||||||||||| ||und||
040 _coclc
082 _a320
_bSRE/N
100 _aSreekumar, T T
_91777
245 0 _aNava Samoohikatha /
_cT T Sreekumar
260 _bPratheeksha Publications,
_c2011.
_aKozhikode:
300 _a158p
650 _aPolitics
942 _cBK
_2ddc
_h320
_iSRE/N
_k320
_mSRE/N
999 _c35003
_d35003